Statistics for Car Number Plates for the EU

Click here to take the quiz!

General Stats

  • This quiz has been taken 1,202 times
    (400 since last reset)
  • The average score is 22 of 26

Answer Stats

HintAnswer% Correct
DKDenmark
94%
FINFinland
94%
BBelgium
93%
FFrance
93%
IRLIreland
93%
AAustria
92%
ESTEstonia
92%
PLPoland
91%
SLOSlovenia
90%
DGermany
89%
RORomania
89%
CZCzech Republic
88%
LVLatvia
88%
NLNetherlands
88%
SKSlovakia
88%
BGBulgaria
87%
HHungary
86%
LTLithuania
86%
ESpain
86%
CYCyprus
84%
IItaly
84%
GRGreece
80%
PPortugal
80%
SSweden
74%
LLuxembourg
73%
MMalta
65%

Score Distribution

Percentile by Number Answered

Percent of People with Each Score

Your Score History

You have not taken this quiz since the last reset